Development of software for encryption/decryption system based on symmetric cryptographic algorithm (Record no. 180681)
[ view plain ]
| 000 -LEADER | |
|---|---|
| fixed length control field | 00752 a2200181 4500 |
| 003 - CONTROL NUMBER IDENTIFIER | |
| control field | Nust |
| 005 - DATE AND TIME OF LATEST TRANSACTION | |
| control field | 20170207153154.0 |
| 040 ## - CATALOGING SOURCE | |
| Transcribing agency | Nust |
| 082 ## - DEWEY DECIMAL CLASSIFICATION NUMBER | |
| Classification number | 005.8 |
| 100 ## - MAIN ENTRY--PERSONAL NAME | |
| Personal name | Tipu, Adnan Mazhar ( MSIS-1) |
| 245 ## - TITLE STATEMENT | |
| Title | Development of software for encryption/decryption system based on symmetric cryptographic algorithm |
| Statement of responsibility, etc. | Adnan Mazhar Tipu |
| 260 ## - PUBLICATION, DISTRIBUTION, ETC. | |
| Name of publisher, distributor, etc. | MCS (NUST) |
| Date of publication, distribution, etc. | Feb, 2005 |
| Place of publication, distribution, etc. | Rawalpindi |
| 300 ## - PHYSICAL DESCRIPTION | |
| Extent | ix, 98 p. |
| 505 ## - FORMATTED CONTENTS NOTE | |
| Formatted contents note | Overview (page-1) Introduction to cryptography (page-5) Practical cryptosystems (page-16) The advanced encryption standard (page-42) Implementation of i -crypt crypto-system (page-58) Modified AES system (page-67) summary and conclusions (page-76) |
| 538 ## - SYSTEM DETAILS NOTE | |
| System details note | Almirah No.70 Shelf No.4 |
| 650 ## - SUBJECT ADDED ENTRY--TOPICAL TERM | |
| Topical term or geographic name entry element | PG Thesis |
| 651 ## - SUBJECT ADDED ENTRY--GEOGRAPHIC NAME | |
| Geographic name | MSIS-1 |
| 942 ## - ADDED ENTRY ELEMENTS (KOHA) | |
| Koha item type | |
| Withdrawn status | Lost status | Source of classification or shelving scheme | Damaged status | Not for loan | Collection code | Permanent Location | Current Location | Date acquired | Total Checkouts | Full call number | Barcode | Date last seen | Price effective from | Koha item type |
|---|---|---|---|---|---|---|---|---|---|---|---|---|---|---|
| Military College of Signals (MCS) | Military College of Signals (MCS) | 12/12/2016 | 005.8 TIP | MCSTIS-14 | 12/08/2016 | 12/12/2016 | Book |
